| 000 | 00746nam a2200265 a 4500 | ||
|---|---|---|---|
| 001 | vtls001529626 | ||
| 003 | NLI | ||
| 005 | 20210627144836.0 | ||
| 008 | 121212s1955 cc 000 0 eng | ||
| 039 | 9 |
_y201212121623 _zVLOAD |
|
| 040 | 0 |
_aNLI _beng _cXData_1 _eAACR2 |
|
| 041 | 0 | _aeng | |
| 044 | _acc | ||
| 082 | _a1481317 | ||
| 100 | 1 |
_aTse-tung, Mao _9686127 |
|
| 245 | 1 | 0 |
_aOur study and the current situation / _cMao Tse-Tung |
| 260 |
_aPeking : _bForeign Languages Press, _c1955 |
||
| 300 |
_a116 p. ; _c19 cm. |
||
| 651 | 0 |
_aAsia _xPolitics and government _9745896 |
|
| 887 | _a | ||
| 901 |
_aIMP308584 _b02.04.1956 |
||
| 902 | _a148 D 1317 | ||
| 949 |
_AVIRTUAITEM _D10000 _X100 _6IMP000308584ENG |
||
| 942 |
_2ddc _cBKS |
||
| 999 |
_aVIRTUA40 _c978043 _d978043 |
||